Prosperita a zaostávajúce regióny reforma štrukturálnej politiky Európskej únie a vidieka
Podpora poľnohospodárstva a rozvoja vidieka v krajinách strednej a východnej Európy v rámci programu PHARE. Zánik nároku krajiny na podporu poľnohospodárstva jej vstupom do EÚ. Konštruktívne opatrenia na rozvoj poľnohospodárstva a vidieka. Proces plánovania rozvojových programov a ich obsah.
Salvato in:
| Autore principale: | |
|---|---|
| Natura: | Capitolo di libro |
| Lingua: | slovacco |
| Soggetti: | |
| Tags: |
Nessun Tag, puoi essere il primo ad aggiungerne!!
|
MARC
| LEADER | 00000naa a2200000 4500 | ||
|---|---|---|---|
| 001 | r033613 | ||
| 005 | 20230824095711.3 | ||
| 041 | 0 | |a slo | |
| 044 | |a SK | ||
| 245 | 1 | 0 | |a Prosperita a zaostávajúce regióny |b reforma štrukturálnej politiky Európskej únie a vidieka |c Iveta Námerová |
| 520 | |a Podpora poľnohospodárstva a rozvoja vidieka v krajinách strednej a východnej Európy v rámci programu PHARE. Zánik nároku krajiny na podporu poľnohospodárstva jej vstupom do EÚ. Konštruktívne opatrenia na rozvoj poľnohospodárstva a vidieka. Proces plánovania rozvojových programov a ich obsah. | ||
| 610 | 2 | 0 | |a politika štruktúrna |
| 610 | 2 | 0 | |a Európska únia |
| 610 | 2 | 0 | |a programy rozvojové |
| 610 | 2 | 0 | |a poľnohospodárstvo |
| 610 | 2 | 0 | |a vidiek |
| 610 | 2 | 0 | |a SVE |
| 610 | 2 | 0 | |a opatrenia |
| 610 | 2 | 0 | |a PHARE |
| 100 | 1 | |a Námerová, Iveta | |